Normal view
MARC view
Entry Personal Name
001 - CONTROL NUMBER
- control field: 30849
003 - CONTROL NUMBER IDENTIFIER
- control field: ARRUPE
005 - DATE AND TIME OF LATEST TRANSACTION
- control field: 20170518082938.0
008 - FIXED-LENGTH DATA ELEMENTS
- fixed length control field: 170518|| aca||aabn | a|a d
040 ## - CATALOGING SOURCE
- Original cataloging agency: ARRUPE
- Transcribing agency: ARRUPE
100 ## - HEADING--PERSONAL NAME
- Personal name: FitzPatrick, Moira
670 ## - SOURCE DATA FOUND
- Source citation: Work cat.: (ARRUPE): Burrett, Robert 30847, The matobo hills, 2016